Haematological malignancies in children with ataxia teleangiectasia and Nijmegen breakage syndrome

Bibliographic Details
Main Authors: Šramková, L. (Author), Chanová, M. (Author), Bubanská, Eva, 1953- (Author), Hammerová, D. (Author), Kaiserová, E. (Author), Dostalová Kopečná, Lenka, 1962- (Author), Starý, Jan, 1952- (Author), Pospíšilová, Dagmar, 1956- (Author)
Corporate Author: International Workshop on Nijmegen Breakage Syndrome (Author)
Format: Conference Proceeding Article
Language:English
ISSN:0008-7335
Subjects:

MARC

LEADER 00000nab a2200000 a 4500
001 vtls000807768
003 SK-MaSNL
005 20260423183023.0
008 160324c2002 xo 0 eng
015 |a SNBRB2002/11-34829 
035 |a CLN000159423 
040 |a SNKBUCL  |b slo  |c SNKBUCL  |e AACR2 
041 0 |a eng 
044 |a xo  |c SK 
080 |a 616-006.441:616-053.1:575.113:061.3  |2 1997 
245 0 0 |a Haematological malignancies in children with ataxia teleangiectasia and Nijmegen breakage syndrome  |c L. Šramková ... [et al.] 
650 0 7 |a ataxia teleangiektatická  |x vrodené  |x komplikácie  |x terapia  |2 snkbucl  |9 1572889 
650 0 7 |a fragilita chromozómová  |2 snkbucl  |9 1572890 
650 0 7 |a dieťa  |2 snkbucl  |9 294563 
650 0 7 |a nádory hematologické  |x epidemiológia  |2 snkbucl  |9 1572891 
650 0 7 |a lymfómy  |2 snkbucl  |9 74658 
650 0 7 |a terapeutika  |2 snkbucl  |9 21659 
650 0 7 |a kongresy  |2 snkbucl  |9 19200 
650 0 7 |a Nijmegen breakage syndrome  |2 snkbucl  |9 1229012 
655 7 |a články z novín a časopisov  |2 snkbucl  |9 267496 
700 1 |a Šramková, L.  |4 aut  |9 792812 
700 1 |a Chanová, M.  |4 aut  |9 862040 
700 |a Bubanská, Eva,  |d 1953-  |4 aut  |9 1116429 
700 1 |a Hammerová, D.  |4 aut  |9 1572892 
700 1 |a Kaiserová, E.  |4 aut  |9 832877 
700 1 |a Dostalová Kopečná, Lenka,  |d 1962-  |4 aut  |9 224498 
700 1 |a Starý, Jan,  |d 1952-  |4 aut  |9 93844 
700 1 |a Pospíšilová, Dagmar,  |d 1956-  |4 aut  |9 194832 
711 1 |a International Workshop on Nijmegen Breakage Syndrome  |d (2002 :  |c Praha, Česko)  |4 aut  |9 92857 
773 0 |x 0008-7335  |t Časopis lékařů českých  |g Roč. 141, č. 8 (2002), s. IV-V, príloha 
850 |a Slovenská národná knižnica v Martine 
852 |a SNK  |b KIS3GCP 
958 |a MI 
958 |a RBX 
999 |c 3208772  |d 3210702